Všeobecná zdravotná poisťovňa. 1
Budovanie osobitného systému zdravotného poistenia ako jedna z kľúčových úloh reformy zdravotníctva na Slovensku. Zriadenie Všeobecnej zdravotnej poisťovne (VšZP) ako verejnoprávnej inštitúcie neziskového charakteru. Začiatok fungovania VšZP podľa nového zákona od 1. januára 1995. Úlohy VšZP ako nos...
Saved in:
| Format: | Book Chapter |
|---|---|
| Language: | Slovak |
| Subjects: | |
| Tags: |
No Tags, Be the first to tag this record!
|
MARC
| LEADER | 00000naa a2200000 4500 | ||
|---|---|---|---|
| 001 | r018038 | ||
| 005 | 20221213101431.7 | ||
| 041 | 0 | |a slo | |
| 044 | |a SK | ||
| 245 | 1 | 0 | |a Všeobecná zdravotná poisťovňa. 1 |
| 520 | |a Budovanie osobitného systému zdravotného poistenia ako jedna z kľúčových úloh reformy zdravotníctva na Slovensku. Zriadenie Všeobecnej zdravotnej poisťovne (VšZP) ako verejnoprávnej inštitúcie neziskového charakteru. Začiatok fungovania VšZP podľa nového zákona od 1. januára 1995. Úlohy VšZP ako nositeľa zdravotného poistenia. Základné princípy zdravotného poistenia vo VšZP. | ||
| 610 | 2 | 0 | |a Všeobecná zdravotná poisťovňa Bratislava |
| 610 | 2 | 0 | |a poisťovne zdravotné |
| 610 | 2 | 0 | |a Slovensko |
| 610 | 2 | 0 | |a zákony |
| 610 | 2 | 0 | |a poistenie zdravotné |
| 610 | 2 | 0 | |a zákony |
| 610 | 2 | 0 | |a 1994 |